Análisis de sitios de concentración de choques viales en la Ruta Nacional 34 utilizando el método de exceso de frecuencia de choques esperando con el ajuste de bayes empírico
Uloženo v:
| Hlavní autor: | |
|---|---|
| Médium: | Kniha |
| Jazyk: | Spanish |
| Vydáno: |
[San José], Costa Rica
2016
|
| Témata: | |
| Tagy: |
Přidat tag
Žádné tagy, Buďte první, kdo vytvoří štítek k tomuto záznamu!
|
MARC
| LEADER | 00000nam a22000007a 4500 | ||
|---|---|---|---|
| 003 | 012356 | ||
| 005 | 20221231144106.0 | ||
| 008 | 160530b2016 c ab||| |||| 00| ||spa d | ||
| 040 | |c cru CEDI | ||
| 090 | |a TFG 7526 | ||
| 100 | |9 4762 |a Varela Araya, Viviana | ||
| 245 | |a Análisis de sitios de concentración de choques viales en la Ruta Nacional 34 utilizando el método de exceso de frecuencia de choques esperando con el ajuste de bayes empírico | ||
| 260 | |a [San José], Costa Rica |c 2016 | ||
| 300 | |a xx, 246,[13] hojas;ilustraciones a color, mapas.- 28 referencias | ||
| 500 | |a Proyecto de graduación (licenciatura en ingeniería civil)--Universidad de Costa Rica. Facultad de Ingeniería. Escuela de Ingeniería Civil | ||
| 650 | |x ACCIDENTES DE TRANSITO - PROCESAMIENTO DE DATOS - COSTA RICA |x ACCIDENTES DE TRANSITO - IDENTIFICACION - COSTA RICA |x ACCIDENTES DE TRANSITO - ESTADISTICAS - COSTA RICA |x ACCIDENTES DE TRANSITO - CAUSA Y DETERMINACION - COSTA RICA |x PERCEPCION DE RIESGO |x SEGURIDAD VIAL - COSTA RICA |9 4763 | ||
| 942 | |c TFG | ||
| 999 | |c 16774 |d 16774 | ||
